000 00761nam a22002292 4500
001 0000007488
005 20151217152030.0
008 080208s xx 000 0 eng d
020 _a0761944982 :
_cKES
040 _aKABU
_cKABU
245 1 0 _aPhysical education :
_bessential issues /
_cedited by Ken Green and Ken Hardman.
260 _aLondon :
_bSage,
_c2005.
300 _axviii, 248 p.
650 0 _aPhysical education and training.
_@0000150187
650 0 _aPhysical education teachers
_xTraining of.
_@0000158700
700 1 _aGreen, Ken.
_@0000158701
700 1 _aHardman, Ken.
_@0000158702
852 1 _9p2988.70 KES
908 _a080208
950 _@1
999 _c7513
_d7513